Central Library OPAC University of Rajshahi

the art of flower arrangement / (Record no. 76595)

MARC details
000 -LEADER
fixed length control field 00646nam a22002177a 4500
001 - CONTROL NUMBER
control field 76595
003 - CONTROL NUMBER IDENTIFIER
rucl marc code BD-RjUL
005 - DATE AND TIME OF LATEST TRANSACTION
control field 20211209082849.0
008 - FIXED-LENGTH DATA ELEMENTS--GENERAL INFORMATION
fixed length control field 191224s1967 enk||||| |||| 00| 0 eng d
035 ## - SYSTEM CONTROL NUMBER
System control number (BD-RjUL)76819
040 ## - CATALOGING SOURCE
Original cataloging agency BD-RjUL
Language of cataloging eng
Transcribing agency BD-RjUL
041 ## - LANGUAGE CODE
Language code of text/sound track or separate title eng
082 ## - DEWEY DECIMAL CLASSIFICATION NUMBER
Edition number 23
Classification number 745.92
Author mark and year NIF 1967
100 ## - MAIN ENTRY--PERSONAL NAME
Personal name Nichols, Beverley
9 (RLIN) 236808
245 14 - TITLE STATEMENT
Title the art of flower arrangement /
Statement of responsibility, etc. by Beverley Nichols ; with drawings by William McLaren.
260 ## - PUBLICATION, DISTRIBUTION, ETC. (IMPRINT)
Place of publication, distribution, etc. London :
Name of publisher, distributor, etc. Collins,
Date of publication, distribution, etc. c1967.
300 ## - PHYSICAL DESCRIPTION
Pagination 239 pages :
Illustrations ill.;
Size 26 cm.
650 ## - SUBJECT ADDED ENTRY--TOPICAL TERM
Topical term or geographic name as entry element Flower arrangement
9 (RLIN) 236809
700 ## - ADDED ENTRY--PERSONAL NAME
Personal name McLaren, William.
942 ## - ADDED ENTRY ELEMENTS (KOHA)
Source of classification or shelving scheme Dewey Decimal Classification
Koha item type Books
Holdings
Lost status Source of classification or shelving scheme Damaged status Not for loan Collection code Permanent Location Current Location Shelving location Date acquired Total Checkouts Full call number Date last seen Copy number Koha item type
  Dewey Decimal Classification   Not For Loan Non-fiction Central Library, University of Rajshahi Central Library, University of Rajshahi Reading Room 24/12/2019   745.92 NIF 1967 24/12/2019 C-1 Books